[Event "Tamil Nadu IM 27th"]
[Site "Coimbatore"]
[Date "2024.09.11"]
[Round "7"]
[White "Podolchenko, Evgeniy"]
[Black "Nandish, VS."]
[Result "1-0"]
[WhiteElo "2338"]
[BlackElo "2212"]
[PlyCount "145"]
[EventDate "2024.09.07"]
[EventType "tourn"]
[EventRounds "9"]
[EventCountry "IND"]
[EventCategory "1"]
[SourceTitle "EXT 2025"]
[Source "ChessBase"]
[SourceDate "2024.10.14"]
[SourceVersion "1"]
[SourceVersionDate "2024.10.14"]
[SourceQuality "1"]

1. d4 Nf6 2. c4 e6 3. Nc3 Bb4 4. Qc2 d6 5. Nf3 Nbd7 6. g3 0-0 7. Bg2 e5 8. 0-0 Bxc3 9. Qxc3 Re8 10. dxe5 dxe5 11. b3 Qe7 12. Bb2 e4 13. Nd4 Nf8 14. Nc2 Ng6 15. Ne3 c6 16. Rad1 Qf8 17. Rd4 Ne5 18. h3 c5 19. Rd2 Nc6 20. Rfd1 b6 21. Qc1 Qe7 22. Qa1 Nd4 23. Bxd4 cxd4 24. Qxd4 Bb7 25. Nf5 Qe6 26. g4 h5 27. Nxg7 Kxg7 28. g5 Rg8 29. e3 Kh7 30. Qxf6 Qxf6 31. gxf6 Bc8 32. Rd5 Be6 33. Re5 Kg6 34. Kh2 Kxf6 35. Rxe4 Rac8 36. Rf4+ Ke7 37. Bd5 a6 38. Bxe6 fxe6 39. Rg1 Rxg1 40. Kxg1 b5 41. cxb5 axb5 42. Rb4 Rc5 43. Kg2 Kf6 44. Kg3 Rg5+ 45. Kf3 Rc5 46. a3 Kg6 47. Ke4 Kf6 48. Kd3 Rd5+ 49. Rd4 Rc5 50. f4 Rc1 51. Rb4 Rh1 52. Rxb5 Rxh3 53. Ke4 Rh2 54. a4 h4 55. Kf3 h3 56. Kg3 Rh1 57. a5 h2 58. Kg2 Re1 59. Kxh2 Rxe3 60. Kg2 Rd3 61. b4 Ra3 62. Kf2 Kg6 63. Ke2 Kf6 64. Kd2 Rf3 65. a6 Rxf4 66. a7 Rf2+ 67. Ke3 Ra2 68. Ra5 Rb2 69. a8Q Rxb4 70. Qf8+ Kg6 71. Qxb4 Kh7 72. Rg5 Kh6 73. Qh4# 1-0

[Event "Tamil Nadu IM 27th"]
[Site "Coimbatore"]
[Date "2024.09.09"]
[Round "4"]
[White "Annageldyev, Orazly"]
[Black "Podolchenko, Evgeniy"]
[Result "0-1"]
[WhiteElo "2105"]
[BlackElo "2338"]
[PlyCount "74"]
[EventDate "2024.09.07"]
[EventType "tourn"]
[EventRounds "9"]
[EventCountry "IND"]
[EventCategory "1"]
[SourceTitle "EXT 2025"]
[Source "ChessBase"]
[SourceDate "2024.10.14"]
[SourceVersion "1"]
[SourceVersionDate "2024.10.14"]
[SourceQuality "1"]

1. Nf3 Nf6 2. c4 c5 3. g3 b6 4. Bg2 Bb7 5. 0-0 e6 6. Nc3 a6 7. Re1 d6 8. e4 Be7 9. d4 cxd4 10. Nxd4 Qc7 11. Be3 0-0 12. Qe2 Nbd7 13. a4 Rac8 14. a5 Qxc4 15. Qxc4 Rxc4 16. axb6 Ng4 17. Bf1 Nxe3 18. fxe3 Rb4 19. Bxa6 Rxb6 20. Bxb7 Rxb7 21. Nc6 Bf6 22. Ra7 Rxa7 23. Nxa7 Bxc3 24. bxc3 Nc5 25. e5 dxe5 26. Nc6 f6 27. Ra1 h5 28. c4 Kh7 29. Ra5 Ne4 30. Na7 Rd8 31. Ra2 Rd1+ 32. Kg2 Rc1 33. Nc6 Rxc4 34. Nd8 Nc5 35. h4 Kg6 36. Ra7 Rc2+ 37. Kg1 Rd2 0-1